| 000 | 01591 a2200241 4500 | ||
|---|---|---|---|
| 001 | 21543 | ||
| 005 | 20260407155505.0 | ||
| 008 | 260407a2013 arg spa d | ||
| 003 | AR-UNSa-BCEJYS | ||
| 040 |
_aAR-UNSa-BCEJYS _bspa _cAR-UNSa-BCEJYS |
||
| 080 |
_a342.9 _xDerecho Administrativo |
||
| 245 | 1 | 0 | _aManual de derecho administrativo |
| 020 | _a978-987-03-2495-9 | ||
| 250 | _a2a. ed. | ||
| 264 | 1 |
_aBuenos Aires : _bLa Ley _c2013 |
|
| 300 |
_axxiii, 662 p. _c24 cm. |
||
| 505 | _a1. Las bases del derecho administrativo - 2. El marco constitucional del derecho administrativo - 3. El concepto de derecho administrativo - 4. Los caracteres del derecho administrativo - 5. Las fuentes del derecho administrativo - 6. La interpretación jurídica - 7. El ejercicio discrecional o reglado de las funciones administrativas - 8. La organización administrativa - 9. Los régimen de empleo público - 10. El control de la administración pública - 11. Los bienes del dominio estatal - 12. Las actividades estatales de intervención - 13. El servicio público - 14. La actividad de fomento - 15. El acto administrativo y el reglamento - 16. Los contratos administrativos - 17. La responsabilidad del estado - 18. Las situaciones jurídicas subjetivas - 19. El procedimiento administrativo - 20. El proceso contencioso administrativo | ||
| 041 | _aspa | ||
| 942 | _cBK | ||
| 590 | _aniveau_biblio:m niveau_hierar:0 | ||
| 100 | 1 | _aBalbín, Carlos Francisco | |
| 856 | 4 | 1 |
_uhttps://biblioeco.unsa.edu.ar/pmb/images/libros/Manual de Derecho Administrativo2.jpg _yImagen de portada _qimage/jpeg |
| 999 |
_c809 _d809 |
||